000 00332 a2200157 4500
001 45096
020 _a
040 _cAnchieta - Aquarius
100 _aDíaz, Gloria Cecilia
240 1 0 _aA bruxa da montanha
_lpor
245 1 0 _aA bruxa da montanha
300 _a
362 0 _a0
650 4 _aLiteratura juvenil
942 _cBK
999 _c45096
_d45096